000
00280nam a22001097a 4500
082
_a
294
100
_a
Vidyabhusana , Satish Chandra
_9
79960
245
_a
Nyayadarsana of Gotama
260
_a
Delhi
_b
New Bharatiya Book Corporation
_c
2016
650
_a
Religion
_9
79961
942
_c
BK
999
_c
63494
_d
63494